The way into the kingdom or, Thoughts on the Beatitudes. (Record no. 7428)

000 -LEADER
fixed length control field 00552nam a2200181 a 4500
001 - CONTROL NUMBER
control field :::00005189$&:&@@
003 - CONTROL NUMBER IDENTIFIER
control field OkBaRHE
005 - DATE AND TIME OF LATEST TRANSACTION
control field 20000607103323.0
008 - FIXED-LENGTH DATA ELEMENTS--GENERAL INFORMATION
fixed length control field j 000 0 eng u
040 ## - CATALOGING SOURCE
Transcribing agency
100 1# - MAIN ENTRY--PERSONAL NAME
Personal name Jones, J. D.
245 14 - TITLE STATEMENT
Title The way into the kingdom or, Thoughts on the Beatitudes.
260 ## - PUBLICATION, DISTRIBUTION, ETC. (IMPRINT)
Place of publication, distribution, etc London, UK:EN., :
Name of publisher, distributor, etc Religious Tract Society
Date of publication, distribution, etc nd
300 ## - PHYSICAL DESCRIPTION
Extent 159 p. ;
Dimensions 17 cm.
650 ## - SUBJECT ADDED ENTRY--TOPICAL TERM
Topical term or geographic name as entry element Beatitudes
942 ## - ADDED ENTRY ELEMENTS (KOHA)
Source of classification or shelving scheme
Koha item type Books
Copies
Withdrawn status Date last seen Barcode Full call number Copy number Not for loan Koha item type Price effective from Permanent Location Lost status Shelving location Damaged status Source of classification or shelving scheme Date acquired
 2010-04-145189BT 382 .J61 Books2010-04-14RHEMA Bible Training College General Stacks  2010-04-14